000 00607nam a2200205Ia 4500
003 GCL
008 140319s9999 xx 000 0 ara d
040 _aGCL /
_cGCL
082 0 4 _a111.85
_bك م
100 1 _aسامى الدروبى
245 1 0 _aالمجمل فى فلسفة الفن /
_cسامى الدروبى
700 1 _aكروتشة, بندنو
300 _a182 ص
490 _aالهيئة العامة للاستعلامات
_v0
650 0 4 _aالفلسفة
650 0 4 _aالجمال - فن
650 0 4 _aالجمال - فلسفة
650 0 4 _aالجمال - علم
942 _2ddc
_cBK
999 _c50997
_d50997